000 00920nam a2200193Ia 4500
999 _c38345
_d38345
001 4355
003 GE_BSU
005 20191010143929.0
008 181216s1964||||ge |||||||||||||| ||geo||
040 _cGE_BSU
041 _ageo
080 _a821.353.1–91+398.21(479.22) ქ-27
245 _aქართული ხალხური საისტორიო სიტყვიერება :
_bტ. 2 /
_cტექსტების მომზადება, რედ., შესავალი და შენიშვნები ქ. სიხარულიძის.
264 _aთბ.:
_bმეცნიერება,
_c1964.
300 _a387 გვ. ;
_b21 სმ.
653 _a ქართული ხალხური ისტორიული სიტყვიერება
700 _aსიხარულიძე, ქ.
_eრედაქტორი
_94124
942 _cBK
_2udc